000 00674nam a22002537a 4500
003 UA-OsUOA
001 61623
007 ta
008 20090708b un ||||| |||| 00| 0 ukr d
090 _a330
_bЭ40
942 _cMG
040 _aUA-OsUOA
_brus
_cUA-OsUOA
_dUA-OsUOA
245 _aЭкономика и математические методы
_bРоссийская академия наук
_cГлав. ред. Макаров В.Л.
300 _a127 с.
955 _a1
041 _arus
080 _a330
022 _a0424-7388
260 _aМ.
044 _aRU
962 _a1964
099 _a71112
650 7 _a330 Економіка взагалі
_2UDC
999 _c347279
_d347279